Most Peaceful Countries 2023 - Statistics

General Stats
  • This quiz has been taken 41 times
  • The average score is 6 of 10
Answer Stats
Hint Answer % Correct
1st Iceland
91%
10th Switzerland
82%
2nd Denmark
76%
9th Japan
76%
4th New Zealand
73%
5th Austria
61%
3rd Ireland
61%
6th Singapore
45%
7th Portugal
39%
8th Slovenia
39%
No matching quizzes found
Score Distribution
Percent of People with Each Score
Percentile by Number Answered
Your Score History
You have not taken this quiz